000 00656nam a2200217Ia 4500
003 IIN
005 20251029120448.0
008 250325s9999 xx ad 001 0 eng d
040 _aIIN
_bEnglish
082 _a611
_bCHA
100 1 _aSontakke, Yogesh
245 1 _aWorkbook of Human Anatomy (vol. 3 & 4)
_bHead and Neck; Brain-Neuroanatomy
_cBD Chaurasia
246 _aBD Chaurasia's Human Anatomy
250 _a10th ed
260 _bCBS
_aNew Delhi
_c2025
300 _ax, 104 p. / V.3-4
_bcol. ill.
500 _aV.3 : Head and Neck V.4 : Brain-Neuroanatomy
650 1 _aAnatomy
_xHuman Anatomy
700 _aChaurasia, BD
942 _cBOOK
999 _c1699
_d1699